000 00664nam a22002177a 4500
999 _c16719
_d16719
003 AR-CdUCM
008 190504b ||||| |||| 00| 0 spa d
040 _aMUNICIPALIDAD PROVINCIAL DEL CUSCO
_cBIBLIOTECA MUNICIPAL DEL CUSCO
041 _hfre
082 _22ed.
_a193.7 /
_bR27
100 _aRavaisson
_936317
245 _aEl hábito /
260 _aBuenos Aires :
_bAguilar,
_c1960.
300 _a72 páginas ;
_c16 cm.
440 _aBiblioteca de iniciación filosófica ;
_n26
_936318
505 _aContenido: El habito.
650 _aHábito
_936319
700 _aSegura Ruiz, Juan (traductor)
_936320
942 _2ddc
_cLIBROS
945 _aacv
_d2019-05-04